Best U.S. Colleges - Statistics

General Stats
  • This quiz has been taken 340 times
  • The average score is 14 of 20
Answer Stats
Hint Answer % Correct
#2 Harvard
99%
#3 Yale
97%
#1 Princeton
94%
#5 Stanford
91%
#17 Brown
87%
#6 MIT
86%
#7 Columbia
83%
#16 Cornell
80%
#12 Dartmouth
80%
#8 Pennsylvania
77%
#9 Duke
75%
#13 Northwestern
66%
#4 Chicago
60%
#15 Vanderbilt
58%
#14 Rice
51%
#20 Georgetown
47%
#18 Notre Dame
45%
#11 Johns Hopkins
43%
#19 Washington University in St. Louis
40%
#10 California Institute of Technology
29%
No matching quizzes found
Score Distribution
Percent of People with Each Score
Percentile by Number Answered
Your Score History
You have not taken this quiz